Ч. 3; Лекции по математическому анализу

Bibliographic Details
Parent link:Лекции по математическому анализу: учебное пособие: в 3 ч./ Г. Н. Яковлев. Ч. 3.— 2-е изд., перераб. и доп..— , 2004.— 5-94052-083-9
Summary:Учебное пособие написано на основе курса лекций, читаемых автором студентам Московского физико-технического института (государственного университета). Для студентов физических, математических и инженерных специальностей.
Language:Russian
Published: 2004
Subjects:
Format: Book
KOHA link:https://koha.lib.tpu.ru/cgi-bin/koha/opac-detail.pl?biblionumber=68925

MARC

LEADER 00000nam2a2200000 4500
001 68925
005 20231031075247.0
010 |a 5940520863 
035 |a (RuTPU)RU\TPU\book\73394 
090 |a 68925 
100 |a 20041012d2004 m y0rusy50 ca 
101 0 |a rus 
102 |a RU 
105 |a y j 001zy 
200 0 |a Ч. 3 
210 |d 2004 
215 |a 312 с. 
320 |a Предметный указатель: с. 308-312. 
330 |a Учебное пособие написано на основе курса лекций, читаемых автором студентам Московского физико-технического института (государственного университета). Для студентов физических, математических и инженерных специальностей. 
461 1 |0 (RuTPU)RU\TPU\book\99337  |y 5-94052-083-9  |t Лекции по математическому анализу  |o учебное пособие: в 3 ч.  |f Г. Н. Яковлев  |v Ч. 3  |e 2-е изд., перераб. и доп.  |d 2004 
610 1 |a математический анализ 
610 1 |a учебные пособия 
610 1 |a лекции 
610 1 |a векторный анализ 
610 1 |a теория поля 
610 1 |a ряды Фурье 
610 1 |a теорема Римана 
610 1 |a интегралы 
610 1 |a асимптотические разложения 
610 1 |a функциональные пространства 
610 1 |a обобщенные функции 
610 1 |a операторы 
610 1 |a преобразование Фурье 
610 1 |a математическая физика 
610 1 |a уравнения 
675 |a 517(075.8)  |v 3 
801 1 |a RU  |b 63413507  |c 20041012  |g PSBO 
801 2 |a RU  |b 63413507  |c 20150507  |g PSBO 
900 |a Математический анализ 
942 |c BK 
951 |b 010600